000 00801nam a2200241 i 4500
001 129493
003 ES-MaACL
005 20250721062622.0
007 t|
008 070621s1973 sp |||| | spa d
080 _a338(46)"18/19"(04)
080 _a33(04)
245 0 0 _aTextos olvidados /
_cpresentación y selección de Fabián Estapé y Rodríguez.
260 _a[Madrid] :
_bInstituto de Estudios Fiscales,
_c[1973]
300 _a666 p. ;
_c19 cm.
650 1 7 _aEconomía
_2embne
_912006
651 4 _aEspaña-
_xSituación económica-
_yS.XIX.
_98504
651 4 _aEspaña-
_xSituación económica-
_yS.XX.
_98505
700 1 _aEstapé, Fabián (
_d1923-2012)
_948011
710 2 _aInstituto de Estudios Fiscales (España)
_9169207
852 _aES-MaACL
_jL-1081
999 _c129493
_d129493